Gaming Quiz

Random Gaming or Nintendo Quiz

Normal Type Pokemon Generation 1 Quiz Stats

 Plays Quiz not verified by Sporcle

Challenge
Share
Tweet
Embed
Score 0/24 Timer 02:00
0 Plays Today
% Correct
Pidgey
94.3%
Pidgeotto
91.5%
Pidgeot
91.5%
Rattata
85.8%
Raticate
84.4%
Spearow
84.4%
Fearow
83.7%
Jigglypuff
76.6%
Meowth
76.6%
Persian
76.6%
Snorlax
76.6%
Clefairy
74.5%
% Correct
Wigglytuff
73.8%
Clefable
73%
Eevee
73%
Chansey
72.3%
Kangaskhan
70.2%
Tauros
69.5%
Farfetch'd
66%
Porygon
65.2%
Ditto
63.8%
Doduo
63.1%
Dodrio
59.6%
Lickitung
44%

You're not logged in!

Compare scores with friends on all Sporcle quizzes.
OR
Log In

You Might Also Like...

Show Comments

Extras

Top Quizzes Today


Score Distribution

Your Account Isn't Verified!

In order to create a playlist on Sporcle, you need to verify the email address you used during registration. Go to your Sporcle Settings to finish the process.

Report this User

Report this user for behavior that violates our Community Guidelines.

Details: